dunkerque - Statistiques

Statistiques générales
  • Ce quiz a été pris 127 fois
  • Le résultat moyen est 7 sur 12
Statistiques - réponses
Hint Réponse % Correct
D dunkerque
92%
G grande synthe
80%
M malo
80%
C coudekerque branche
73%
P petite synthe
70%
R rosendael
69%
S saint pol
68%
T teteghem
67%
L leffrinckoucke
51%
F fort mardyck
36%
C capelle la grande
34%
M mardyck
26%
Aucun quiz correspondant
Distribution des résultats
% des personnes avec chaque résultat
Percentile par nombre de réponses
Votre historique - résultats
Vous n’avez pas pris ce quiz